000 00761nam a2200205Ii 4500
003 JO-AjNU
008 230605s9999||||xx |||||||||||||| ||und||
040 _aJO-AjNU
_bara
_erda
_cJO-AjNU
041 _aara
050 1 4 _aK3943.D3H 1999
100 3 _aمنظمة التجارة العالمي، (جنيف، سويسرا),
_eauthor
_933596
245 0 0 _aدليل دوائر الاعمال الى النظام التجاري العالمي
250 _aط2
264 3 1 _aجنيف: منظمة التجارة العالمية، 1999
300 _a322ص
_bيحتوي على فهرس ابجدي
336 _atext
_btxt
_2rdacontent
337 _aunmediated
_bn
_2rdamedia
338 _avolume
_bnc
_2rdacarrier
650 4 _aالتجارة الخارجية
_933597
999 _aA13691
_c17259
_d17259